Disney Authors Quiz Stats

 Plays Quiz Updated Jun 29, 2016

Challenge
Share
Tweet
Embed
Score 0/20 Timer 08:00
0 Plays Today
Disney Movie Author % Correct
Alice in Wonderland Lewis Carroll
70.9%
Winnie the Pooh A.A. Milne
70.9%
The Jungle BookRudyard Kipling
68%
The Little MermaidHans Christian Andersen
64.5%
Snow White and the Seven DwarfsBrothers Grimm
63.2%
20,000 Leagues Under the SeaJules Verne
58.5%
Treasure IslandRobert Louis Stevenson
58.2%
The Hunchback of Notre DameVictor Hugo
57.2%
Peter PanJ.M. Barrie
53%
Oliver and CompanyCharles Dickens
47.4%
Disney Movie Author % Correct
TarzanEdgar Rice Burroughs
26.1%
The Adventures of Ichabod and Mr. ToadKenneth Grahame and Washington Irving
23.3%
The Sword in the StoneT.H. White
20.9%
Mary PoppinsP. L. Travers
18.9%
One Hundred and One DalmatiansDodie Smith
15%
Sleeping BeautyCharles Perrault
10.7%
Pinocchio Carlo Collodi
8.8%
Swiss Family RobinsonJohann David Wyss
6.3%
Song of the SouthJoel Chandler Harris
6%
Bedknobs and BroomsticksMary Norton
4.2%

You're not logged in!

Compare scores with friends on all Sporcle quizzes.
OR
Log In

You Might Also Like...

Show Comments

Extras

Top Quizzes Today


Score Distribution

Your Account Isn't Verified!

In order to create a playlist on Sporcle, you need to verify the email address you used during registration. Go to your Sporcle Settings to finish the process.

Report this User

Report this user for behavior that violates our Community Guidelines.

Details: